000 01001cam a2200289 a 4500
001 9760181
003 GBCCL
005 20241126110347.0
008 110418s2006 ii ab g b 001 0 eng d
035 _a(OCoLC)ocn776071945
035 _a9760181
040 _aIiNdDKA
_beng
_cIiNdDKA
_dCtY-D
050 4 _aBV3790
_b.B87 2006
082 0 4 _a269.2
_222
_bBUS
100 1 _aBush, Luis.
_91303
245 1 0 _aCatalysts of world evangelization /
_cby Luis Keith Bush.
250 _a1st ed.
260 _aBangalore :
_bCentre for Contemporary Christianity,
_c2006.
300 _axxvi, 293 p. :
_bill., map ;
_c23 cm.
490 1 _aCFCC missiological classics series ;
_vno. 4
500 _aOriginally presented as the author's thesis (Ph. D.)--Fuller Theological Seminary, 2002.
504 _aIncludes bibliographical references (p. [670]-707) and indexes.
650 0 _aEvangelistic work.
_9290
650 0 _aMissions.
_9885
830 0 _aCFCC missiological classics series ;
_v4.
_91304
942 _2ddc
_cBK
999 _c851
_d851